=LDR 00000nam 2200000 4500 =001 INLIS000000000022141 =005 20130612120929 =008 ***********************************Ind** =035 ##$$0010-061300000022141 =041 ##$$a Ind =082 ##$$a 813.01 =090 ##$$a 813.01, Kay-p =100 ##$$a KAYAM, Umar =245 ##$$a Kumpulan Cerita Pendek, Parta Krama, Umar Kayam =260 ##$$a 1997 $b Yogyakarta =300 ##$$a 82 hlm., 22 cm =650 ##$$a Cerita Pendek-Kumpulan =850 ##$$a NBPNMAT